000 01326nam a22003257a 4500
999 _c21514
_d21514
003 AR-CdUCM
008 190220b ||||| |||| 00| 0 spa d
020 _a9789972623882
040 _aMUNICIPALIDAD PROVINCIAL DEL CUSCO
_cBIBLIOTECA MUNICIPAL DEL CUSCO
082 _a363.738/C28
_bC28
100 _aCarey, Mark
_945174
245 _aGlaciares, cambio climático y desastres naturales :
_bciencia y sociedad en el Perú /
_cMark Carey ; traducción Jorge Bayona
260 _aLima :
_bInstituto Francés de Estudios Andinos,
_b Instituto de Estudios Peruanos,
_c2014.
300 _a343 páginas. :
_bilustraciones ;
_c24 cm.
500 _aTítulo original: In the shadow of melting glaciers : climate change and Andean society.
_zBibliografía: p. 289-337.
650 _aCambios climáticos
_922350
650 _aGlaciares
_927105
650 _aDesastres naturales
_924490
650 _aGestión de emergencias
_945175
650 _aAbastecimiento de agua
_942290
650 _aBlanca, Cordillera
_945176
650 _aCondiciones ambientales
_945177
650 _aAspectos ambientales
_922606
650 _aÁncash
_98362
650 _aPerú
_945178
710 _aInstitut Français d'Études Andines (Lima)
_93476
710 _aInstituto de Estudios Peruanos (Lima)
_99759
942 _2ddc
_cLIBROS
945 _aRoel